000 00776nam a2200253Ia 4500
003 OSt
005 20221005030919.0
006 a|||||r|||| 00| 0
007 ta
008 221004b |||||||| |||| 00| 0 eng d
020 _a9780674072671 (hbk)
_c895
024 _a8208
037 _bCBS/183, 28/11/2013, Classic Book Service
_cTextual
040 _aCRL
_cCRL
_beng
041 _2eng
_aeng
082 _aV44Q7:3(Q).N, Q3
100 _aDevji Faisal
245 0 _aMuslim zion
_b Pakistan as a political idea
260 _aCambridge
_bHarvard University Press UK
_c2013
300 _avii,278p.
_ccm.
650 _aHISTORY
942 _hV44Q7:3(Q).N, Q3
_cTEXL
_2cc
999 _c936923
_d936923